| 000 -ლიდერი |
| ფიქსირებული სიგრძის საკონტროლო ველი |
01549nam a2200289Ia 4500 |
| 001 - საკონტროლო ნომერი |
| საკონტროლო ველი |
17824 |
| 003 - საკონტროლო ნომრის იდენტიფიკატორი |
| საკონტროლო ველი |
GE_BSU |
| 005 - ბოლო ოპერაციის თარიღი და დრო |
| საკონტროლო ველი |
20200226101703.0 |
| 008 - ფიქსირებული სიგრძის მონაცემთა ელემენტები - ზოგადი ინფორმაცია |
| ფიქსირებული სიგრძის საკონტროლო ველი |
181216s2015ge xx |||||||||||||| ||geo|| |
| 020 ## - წიგნის საერთაშორისო სტანდარტული ნომერი |
| International Standard Book Number |
9789941945007 |
| 040 ## - კატალოგიზაციის წყარო |
| Transcribing agency |
GE_BSU |
| 041 ## - ენის კოდი |
| Language code of text/sound track or separate title |
geo |
| 080 ## - უნივერსალური ათობითი კლასიფიკაციის ინდექსი |
| Universal Decimal Classification number |
94(479.22)(093) ს-32 |
| 245 ## - ცნობა სათაურის შესახებ |
| Title |
საქართველოს სახელმწიფო საზღვრის ისტორია (1917-1957) : |
| Remainder of title |
გამოკვლევა, დოკუმენტები და მასალები / |
| Statement of responsibility, etc |
ს. ვარდოსანიძე ; ,ვ. გურული ; კ. ხარაძე ; ლ. ჯიქია ; მ . კვარაცხელია ; რედ.როინ მეტრეველი. |
| 245 ## - ცნობა სათაურის შესახებ |
| Statement of responsibility, etc |
რედ.: როინ მეტრეველი |
| 264 ## - წარმოების, გამოცემის, დისტრიბუციის და სხვა ცნობები |
| გამოცემის, წარმოების, დისტრიბუციის... ადგილი |
თბილისი : |
| გამოცემის, წარმოების, დისტრიბუციის... სახელწოდება |
გამ-ბა "ქართული უნივერსიტეტი, |
| გამოცემის, წარმოების, დისტრიბუციის... თარიღი |
2015. |
| 300 ## - ფიზიკური აღწერა |
| Extent |
308 გვ.: |
| Other physical details |
ილ., რუკები |
| Dimensions |
29 სმ. |
| 300 ## - ფიზიკური აღწერა |
| Accompanying material |
ილ.,რუკები |
| 653 ## - INDEX TERM--UNCONTROLLED |
| Uncontrolled term |
საქართველოს სახელმწიფო საზღვრის ისტორია |
| 653 ## - INDEX TERM--UNCONTROLLED |
| Uncontrolled term |
ისტორია |
| 700 ## - ADDED ENTRY--PERSONAL NAME |
| Personal name |
გურული, ვ. |
| 9 (RLIN) |
7446 |
| 700 ## - ADDED ENTRY--PERSONAL NAME |
| Personal name |
ხარაძე, კ |
| 9 (RLIN) |
7447 |
| 700 ## - ADDED ENTRY--PERSONAL NAME |
| Personal name |
ჯიქია, ლ |
| 9 (RLIN) |
7448 |
| 700 ## - ADDED ENTRY--PERSONAL NAME |
| Personal name |
კვარაცხელია, მ |
| 9 (RLIN) |
7449 |
| 700 ## - ADDED ENTRY--PERSONAL NAME |
| Personal name |
მეტრეველი, როინ |
| Relator term |
რედაქტორი |
| 9 (RLIN) |
7450 |
| 942 ## - ADDED ENTRY ELEMENTS (KOHA) |
| Koha item type |
წიგნი |
| Source of classification or shelving scheme |
|